| 000 | 00895nam a2200241 a 4500 | ||
|---|---|---|---|
| 001 | BRL_58 | ||
| 005 | 20190320210554.0 | ||
| 008 | 031012s19uu----mx-a######---#000-0#spa-# | ||
| 041 | _aspa | ||
| 044 | _amx | ||
| 050 | 4 |
_aF1219.3 _b.U43 1900 |
|
| 245 | 1 | 0 |
_aUlama _bperpetuación en México del juego de pelota prehispánico : Ullamalistli _cinvestigación Ted J. J. Leyenaar ; traducción de María Martínez Peñalosa. |
| 260 |
_aMéxico _bGobierno del Estado de Sinaloa, Dirección de Investigación y Fomento de Cultura Ragional _c[19-?] |
||
| 300 |
_a89 p. _bil., mapas _c21 cm. |
||
| 440 | 0 |
_aSerie Rescate y divulgación _922788 |
|
| 500 | _aIncluye lista de fotografías y abreviaturas | ||
| 500 | _aAu72 | ||
| 650 | 1 | 4 |
_aPelota (Juego indígena) _922789 |
| 700 | 1 |
_aMartínez Peñalosa, María _etr. _922790 |
|
| 700 | 1 |
_aLeyenaar, Ted J. J. _922791 |
|
| 902 | _aGRL | ||
| 942 |
_2lcc _cB |
||
| 999 |
_c8871 _d8871 |
||